Swansea City Best Scorer By Year - Statistics

General Stats
  • This quiz has been taken 131 times
  • The average score is 4 of 8
Answer Stats
Player % Correct
Michu
88%
Wilfried Bony
69%
André Ayew
55%
Jordan Ayew
54%
Fernando Llorente
49%
Danny Graham
47%
Robbie James
13%
Bob Latchford
11%
No matching quizzes found
Score Distribution
Percent of People with Each Score
Percentile by Number Answered
Your Score History
You have not taken this quiz